00468 2200169 4500001002100000005001500021035002000036007000300056008004100059020002200100082001000122084001600132100002200148245003700170260004600207300004500253INLIS00000000000045120201217074502 a0010-1220000038ta201217 0 ind  a978-602-18651-0-1 a540.3 a540.3 RAT k0 aRatna Rima Melati1 aKamus Kimia /cRatna Rima Melati aSurakarta :bAksarra Sinergi Media,c2019 aviii + 392 hlm :bilus. ;c14,8 x 21 cm.